[Event "Elit(Limhamn-Rockaden, Umea)"]
[Site "?"]
[Date "2006.10.22"]
[Round "3"]
[White "Andersson, Christin"]
[Black "Hammar, Ulf"]
[Result "0-1"]
[WhiteElo "2315"]
[BlackElo "2157"]
[PlyCount "88"]
[EventDate "2006.??.??"]

1. e4 e6 2. d4 d5 3. Bd3 Nf6 4. e5 Nfd7 5. Nf3 c5 6. Ng5 Be7 7. Nxh7 g6 8. Nf6+
Nxf6 9. exf6 Bxf6 10. dxc5 Nd7 11. c3 Nxc5 12. Bc2 Qc7 13. h3 Bd7 14. Qf3 Qe5+
15. Be3 Bg5 16. O-O Bxe3 17. fxe3 f5 18. Qf4 Qxf4 19. exf4 O-O-O 20. a4 g5 21.
Nd2 gxf4 22. Rae1 Rdg8 23. Kh2 Rh6 24. Rxf4 Rhg6 25. Re2 Ne4 26. c4 e5 27. Rf3
Nxd2 28. Rxd2 e4 29. Rf4 d4 30. g4 d3 31. Bd1 Rd6 32. c5 Rd5 33. Bb3 e3 34.
Bxd5 exd2 35. Rf1 Re8 36. Rd1 fxg4 37. h4 Bxa4 38. b3 Re1 39. Rxd2 Re2+ 40. Kg3
Rxd2 41. bxa4 Rc2 42. Be6+ Kc7 43. Bxg4 Rxc5 44. h5 Rg5 0-1

[Event "Elit(Limhamn-Rockaden, Umea)"]
[Site "?"]
[Date "2006.10.22"]
[Round "3"]
[White "Larsson, Johan"]
[Black "Penalver, Osmani"]
[Result "0-1"]
[WhiteElo "2160"]
[BlackElo "2232"]
[PlyCount "78"]
[EventDate "2006.??.??"]

1. d4 Nf6 2. Bg5 Ne4 3. Bf4 d5 4. e3 Bf5 5. f3 Nf6 6. c4 Bxb1 7. Rxb1 c6 8. b4
e6 9. c5 Nbd7 10. Qd2 Nh5 11. Nh3 Be7 12. Bd3 Nxf4 13. Nxf4 e5 14. Ne2 exd4 15.
Nxd4 Ne5 16. Be2 O-O 17. O-O Re8 18. f4 Nd7 19. Bd3 g6 20. Rbe1 Bf6 21. Qf2 a5
22. a3 axb4 23. axb4 Ra3 24. Bb1 Qe7 25. Nc2 Rb3 26. Re2 Bc3 27. Ba2 Rb2 28.
Bb1 Bxb4 29. Nxb4 Rxb4 30. f5 Nxc5 31. fxg6 hxg6 32. Qg3 Ne4 33. Bxe4 Rxe4 34.
Ref2 Rxe3 35. Qg4 Re1 36. h4 Qe3 37. Rxe1 Qxe1+ 38. Rf1 Qe6 39. Qg3 Qe3+ 0-1

[Event "Elit(Limhamn-Rockaden, Umea)"]
[Site "?"]
[Date "2006.10.22"]
[Round "3"]
[White "Holst, Conny"]
[Black "Mardell, Jimmy"]
[Result "0-1"]
[WhiteElo "2241"]
[BlackElo "2101"]
[PlyCount "102"]
[EventDate "2006.??.??"]

1. d4 Nf6 2. c4 c5 3. d5 b5 4. a4 b4 5. Nd2 e5 6. e4 d6 7. g3 g6 8. Bg2 Bg7 9.
h4 Nbd7 10. Nf1 Nf8 11. a5 Qc7 12. Nh3 Bg4 13. f3 Bd7 14. Nf2 O-O-O 15. Bh3 Re8
16. Be3 Nh5 17. Bg4 f5 18. exf5 e4 19. Nxe4 Bxf5 20. Kf2 Bxg4 21. fxg4 Rxe4 22.
gxh5 Bxb2 23. Ra2 Bd4 24. Bxd4 Rxd4 25. Qe2 Qf7+ 26. Kg2 gxh5 27. Nd2 Ng6 28.
Rf1 Re8 29. Qf2 Qxf2+ 30. Rxf2 Ne5 31. Rf4 Rd3 32. Ne4 Kc7 33. Re2 Rg8 34. Rf5
Rg7 35. Rxh5 Nxc4 36. Ng5 Kd7 37. a6 b3 38. Ne4 b2 39. Nf6+ Kd8 40. Re8+ Kc7
41. Re1 Rgxg3+ 42. Kh2 Rh3+ 43. Kg2 Rdg3+ 44. Kf2 Rf3+ 45. Kg2 Ne3+ 46. Rxe3
Rxe3 47. Rxh7+ Kd8 48. Rd7+ Kc8 49. Rxa7 b1=Q 50. Ra8+ Kc7 51. Ra7+ Kd8 0-1

[Event "Elit(Linkoping-LASK)"]
[Site "?"]
[Date "2006.10.22"]
[Round "3"]
[White "Olsson, Linus"]
[Black "Olsson, Conny"]
[Result "1-0"]
[WhiteElo "2433"]
[BlackElo "2263"]
[PlyCount "65"]
[EventDate "2006.??.??"]
[SourceDate "2006.11.05"]

1. c4 e5 2. Nc3 Nf6 3. e3 d6 4. Nge2 Be7 5. g3 O-O 6. Bg2 c6 7. d4 Re8 8. O-O
Bf5 9. e4 Bg6 10. d5 Bf8 11. h3 a5 12. Be3 Nbd7 13. g4 Nb6 14. b3 Nfd7 15. Rc1
a4 16. Ng3 c5 17. Nb5 Nb8 18. h4 f6 19. Bh3 Na6 20. g5 Be7 21. h5 Bf7 22. g6
hxg6 23. hxg6 Bxg6 24. Be6+ Bf7 25. Bxf7+ Kxf7 26. Qh5+ Kg8 27. Nf5 Bf8 28. Kg2
Nc8 29. Rh1 Re7 30. Qg6 Qe8 31. Nh6+ Kh8 32. Nf7+ Kg8 33. Rh8# 1-0

[Event "Elit(Linkoping-LASK)"]
[Site "?"]
[Date "2006.10.22"]
[Round "3"]
[White "Malesevic, Nedeljko"]
[Black "Tikkanen, Hans"]
[Result "0-1"]
[WhiteElo "2340"]
[BlackElo "2402"]
[PlyCount "155"]
[EventDate "2006.??.??"]

1. d4 Nf6 2. c4 e6 3. Nf3 c5 4. d5 exd5 5. cxd5 d6 6. Nc3 Be7 7. e4 O-O 8. Be2
Nbd7 9. O-O Ne8 10. Qc2 Bf6 11. Bf4 Qe7 12. Bg3 Nc7 13. Kh1 Re8 14. Rfe1 h5 15.
h3 h4 16. Bh2 g5 17. Qd2 Rd8 18. Rad1 a6 19. a4 b6 20. Bc4 Ne8 21. b3 Ne5 22.
Nxe5 dxe5 23. Qe2 Nd6 24. Bd3 Bg7 25. Bg1 a5 26. Nb5 Kf8 27. Nxd6 Rxd6 28. f3
Bd7 29. Bb5 Bxb5 30. Qxb5 Kg8 31. Be3 f6 32. Rc1 Qd7 33. Qc4 Bf8 34. Bf2 Qc8
35. Qc3 Kf7 36. f4 gxf4 37. Bxh4 Be7 38. Qf3 Qh8 39. Bf2 Rg8 40. Kh2 Rdd8 41.
g3 fxg3+ 42. Bxg3 Rg5 43. Bf2 Qh5 44. Rc3 f5 45. Rg1 Qxf3 46. Rxf3 Rh5 47. Rd1
Kg6 48. Be3 Bh4 49. Rg1+ Kf6 50. Rg4 Rdh8 51. Bd2 f4 52. Bc3 Ke7 53. Rg7+ Kf6
54. Rb7 Bg3+ 55. Kg2 Rxh3 56. Rxb6+ Kg5 57. Bxe5 Rh2+ 58. Kf1 Rh1+ 59. Ke2
R8h2+ 60. Kd3 Kg4 61. Rxg3+ Kxg3 62. Rf6 Rh4 63. d6 Kf3 64. Re6 Rd1+ 65. Kc4
Kxe4 66. Bd4+ Kf5 67. Re5+ Kg6 68. Kxc5 f3 69. Be3 Rh8 70. Rg5+ Kf6 71. Rg3
Rc8+ 72. Kb5 Rd5+ 73. Kb6 Rxd6+ 74. Kxa5 Rd5+ 75. Kb4 Rf5 76. Rg1 Ke5 77. a5
Ke4 78. Bf2 0-1

[Event "Elit(Linkoping-LASK)"]
[Site "?"]
[Date "2006.10.22"]
[Round "3"]
[White "Semcesen, Daniel"]
[Black "Rosberg, Simon"]
[Result "1-0"]
[WhiteElo "2369"]
[BlackElo "2196"]
[PlyCount "77"]
[EventDate "2006.??.??"]

1. d4 e6 2. c4 f5 3. Nc3 Nf6 4. Nf3 d5 5. Bf4 c6 6. e3 Be7 7. Bd3 O-O 8. h3 Ne4
9. O-O Nd7 10. Qc2 g5 11. Bh2 Rf7 12. Rae1 h5 13. Ne5 Nxe5 14. Bxe5 Bd6 15.
Bxd6 Qxd6 16. c5 Qe7 17. Ne2 Nf6 18. f3 Bd7 19. e4 fxe4 20. fxe4 Raf8 21. e5
Ne8 22. Ng3 Rxf1+ 23. Rxf1 Rxf1+ 24. Bxf1 Ng7 25. Bd3 Be8 26. Qf2 h4 27. Ne2
Bh5 28. g4 Be8 29. Kg2 Bf7 30. Ng1 Ne8 31. Bb1 Nc7 32. Nf3 b6 33. b4 bxc5 34.
bxc5 a5 35. Qd2 a4 36. Qa5 Nb5 37. Qxa4 Qa7 38. Qxa7 Nxa7 39. a4 1-0

[Event "Elit(Linkoping-LASK)"]
[Site "?"]
[Date "2006.10.22"]
[Round "3"]
[White "Wickstrom, Lucas"]
[Black "Niklasson, Christer"]
[Result "1-0"]
[WhiteElo "2144"]
[BlackElo "2413"]
[PlyCount "139"]
[EventDate "2006.??.??"]

1. d4 f5 2. Bg5 c6 3. Nd2 d5 4. e3 Nf6 5. Bxf6 exf6 6. Bd3 Be6 7. Qf3 Qd7 8.
Ne2 Bd6 9. Nf4 Bf7 10. h4 h5 11. O-O-O b5 12. c3 g6 13. Rh3 Qc7 14. Rg3 Rh6 15.
Rxg6 Bxg6 16. Nxg6 Rxg6 17. Qxh5 Qf7 18. Qxf5 Rg8 19. Qc8+ Ke7 20. Qb7+ Nd7 21.
Bf5 Rad8 22. g4 a6 23. Nf3 Rh8 24. Qxc6 Nb8 25. Qa8 Kf8 26. h5 Kg7 27. Bg6 Qe6
28. Nh4 Rhf8 29. Qb7+ Rd7 30. Bf5 Rxb7 31. Bxe6 Rd8 32. Nf5+ Kh8 33. Bxd5 Rc7
34. Be6 Nc6 35. f4 Ne7 36. Nh6 Ng8 37. Nf7+ Rxf7 38. Bxf7 Nh6 39. Be6 Re8 40.
d5 Nxg4 41. Bxg4 Rxe3 42. Rf1 Rg3 43. Be2 Rg2 44. Kd2 Kg7 45. b3 a5 46. a4 b4
47. c4 Bc5 48. Kd3 f5 49. Bf3 Rb2 50. Bd1 Rh2 51. Re1 Rh3+ 52. Kc2 Kf7 53. Re5
Rh2+ 54. Be2 Kf6 55. Re6+ Kf7 56. Kd2 Rh3 57. Bd1 Rh2+ 58. Kc1 Rf2 59. h6 Rh2
60. Bc2 Rh1+ 61. Kd2 Rh2+ 62. Re2 Rxh6 63. Bxf5 Rh4 64. Be6+ Kf6 65. f5 Rh3 66.
Kc2 Rc3+ 67. Kb2 Rf3 68. d6 Bxd6 69. Bd5 Be5+ 70. Rxe5 1-0

[Event "Elit(Linkoping-LASK)"]
[Site "?"]
[Date "2006.10.22"]
[Round "3"]
[White "Nilsson, Sebastian"]
[Black "Fransson, Jorgen"]
[Result "1/2-1/2"]
[WhiteElo "2349"]
[BlackElo "2069"]
[PlyCount "119"]
[EventDate "2006.??.??"]

1. e4 c5 2. Nf3 g6 3. d4 Bg7 4. Nc3 cxd4 5. Nxd4 Nc6 6. Be3 Nf6 7. Bc4 Qa5 8.
O-O O-O 9. Bb3 d6 10. h3 Bd7 11. f4 Nxd4 12. Bxd4 Bc6 13. Qd3 Rad8 14. Rad1 Nd7
15. Bxg7 Kxg7 16. Qd4+ Kg8 17. Nd5 Rfe8 18. Kh1 e6 19. Ne3 Qb6 20. Ng4 Qxd4 21.
Rxd4 h5 22. Nf2 Nc5 23. Rfd1 e5 24. fxe5 Rxe5 25. Bd5 Bxd5 26. Rxd5 Nxe4 27.
Nxe4 Rxe4 28. Rxd6 Rxd6 29. Rxd6 Re1+ 30. Kh2 Rb1 31. b3 Rb2 32. a3 Rxc2 33.
Rd7 Ra2 34. a4 b6 35. Rxa7 Rb2 36. Rb7 Rxb3 37. a5 b5 38. h4 b4 39. a6 Ra3 40.
a7 Kg7 41. Rxb4 Rxa7 42. Rb6 Re7 43. g3 Re6 44. Rb5 Kf6 45. Kg2 Re5 46. Rb7 Ke6
47. Kf3 f6 48. Rb6+ Kf5 49. Rb4 g5 50. hxg5 Kxg5 51. Ra4 Rb5 52. Ra3 Rf5+ 53.
Kg2 h4 54. gxh4+ Kxh4 55. Rh3+ Kg4 56. Rg3+ Kf4 57. Rf3+ Ke4 58. Rxf5 Kxf5 59.
Kf3 Kg5 60. Kg3 1/2-1/2

[Event "Elit(Linkoping-LASK)"]
[Site "?"]
[Date "2006.10.22"]
[Round "3"]
[White "Carlsson, Ingvar"]
[Black "Lund, Esben"]
[Result "0-1"]
[WhiteElo "2085"]
[BlackElo "2342"]
[PlyCount "106"]
[EventDate "2006.??.??"]

1. e4 e5 2. Nf3 Nc6 3. Bc4 Be7 4. d4 d6 5. dxe5 dxe5 6. Qxd8+ Bxd8 7. Nc3 Nge7
8. Be3 Bg4 9. Be2 f6 10. O-O-O Be6 11. Nd5 Kf7 12. Bc5 Ng6 13. h4 h5 14. g3 b6
15. Ba3 a6 16. Rd2 Na5 17. Rhd1 c6 18. Ne3 Be7 19. Bxe7 Nxe7 20. b4 Nb7 21. Bc4
b5 22. Bxe6+ Kxe6 23. Rd7 Rab8 24. Rc7 Rhc8 25. Rcd7 Rd8 26. Rxd8 Rxd8 27. Rxd8
Nxd8 28. Kd2 c5 29. a3 c4 30. c3 Nf7 31. Ke2 g5 32. Ng2 Nc8 33. Nd2 Nb6 34. f3
Na4 35. Nb1 Nd6 36. Ke3 Nb2 37. Ne1 gxh4 38. gxh4 f5 39. Nd2 Nd1+ 40. Ke2 Nxc3+
41. Ke3 f4+ 42. Kf2 Nc8 43. Nc2 Ne7 44. Kg2 Nd1 45. Ne1 Ne3+ 46. Kh2 Nc6 47.
Nb1 Nd1 48. Kg2 Nd4 49. Kf1 Kd6 50. Kg2 c3 51. Nd3 Nb3 52. Ne1 Ne3+ 53. Kf2 c2
0-1

[Event "Elit(Linkoping-LASK)"]
[Site "?"]
[Date "2006.10.22"]
[Round "3"]
[White "Smith, Axel"]
[Black "Klashed, Martin"]
[Result "1-0"]
[WhiteElo "2319"]
[BlackElo "2124"]
[PlyCount "97"]
[EventDate "2006.??.??"]

1. e4 c5 2. Nf3 e6 3. d4 cxd4 4. Nxd4 Nc6 5. Nc3 Qc7 6. Be3 a6 7. Qd2 Nf6 8. f3
Bb4 9. O-O-O Ne5 10. Bf4 O-O 11. a3 Be7 12. Kb1 b5 13. Ndxb5 axb5 14. Qd4 d6
15. Nxb5 Qa5 16. Nxd6 Ng6 17. Bd2 Qc7 18. Nb5 Qc6 19. Bb4 Ba6 20. Bxe7 Nxe7 21.
Qb4 Ng6 22. Nd4 Qc7 23. Bxa6 Rxa6 24. Nb5 Qe5 25. b3 Rb8 26. a4 h6 27. Qd4 Qg5
28. Qd2 Qe5 29. Qc3 Qxc3 30. Nxc3 Rc8 31. Nb5 Kf8 32. Rd2 Ke7 33. Rhd1 Raa8 34.
c4 Rd8 35. Nd4 Ke8 36. Kc2 Rac8 37. Kc3 e5 38. Nf5 Rxd2 39. Rxd2 Kf8 40. b4 Nf4
41. a5 Ne6 42. a6 g6 43. Nd6 Ra8 44. b5 Nc5 45. Kb4 Nfd7 46. Nb7 Rc8 47. Nxc5
Nxc5 48. a7 Ne6 49. b6 1-0

[Event "Elit(Linkoping-LASK)"]
[Site "?"]
[Date "2006.10.22"]
[Round "3"]
[White "Halvarsson, Peter"]
[Black "Dragicevic, Drazen"]
[Result "0-1"]
[WhiteElo "1974"]
[BlackElo "2275"]
[PlyCount "80"]
[EventDate "2006.??.??"]

1. e4 c5 2. Nc3 Nc6 3. f4 e6 4. Nf3 g6 5. Bb5 Nge7 6. e5 d5 7. exd6 Qxd6 8. Ne4
Qxf4 9. d3 Qc7 10. Nf6+ Kd8 11. O-O Bg7 12. Ng5 Nf5 13. Nge4 h6 14. Kh1 Ncd4
15. a4 a6 16. Bc4 Ke7 17. Bf4 Qc6 18. Ng4 b5 19. axb5 axb5 20. Ba2 g5 21. Bd2
Nd6 22. Nxd6 Qxd6 23. c3 Nf5 24. Qe2 Nh4 25. Be1 Ng6 26. Qf3 Qf4 27. Qe2 Qc7
28. Bg3 Qc6 29. Qf2 f5 30. Bxe6 Bxe6 31. Rae1 f4 32. Rxe6+ Kxe6 33. Qe2+ Kf7
34. Be1 Rhe8 35. Qd1 Rxe1 36. Qxe1 Nh4 37. Rg1 Re8 38. Qd1 Kg6 39. Nf2 h5 40.
d4 cxd4 0-1

[Event "Elit(Rockaden, Sthlm-Wasa)"]
[Site "?"]
[Date "2006.11.18"]
[Round "4"]
[White "von Bahr, Oskar"]
[Black "Barkhagen, Jonas"]
[Result "0-1"]
[WhiteElo "2382"]
[BlackElo "2563"]
[PlyCount "50"]
[EventDate "2006.11.26"]
[SourceDate "2006.11.26"]

1. e4 c5 2. Nf3 d6 3. d4 cxd4 4. Nxd4 Nf6 5. Nc3 Nc6 6. Bg5 e6 7. Qd2 a6 8.
O-O-O Bd7 9. f4 b5 10. Bxb5 axb5 11. Ndxb5 Nb4 12. e5 Nxa2+ 13. Nxa2 Bxb5 14.
Nc3 Ne4 15. Qd4 Ra1+ 16. Nb1 Nxg5 17. exd6 h5 18. fxg5 Qxg5+ 19. Rd2 Bd7 20.
Rf1 Ra6 21. h4 Qh6 22. Qf2 f6 23. b3 Bxd6 24. Qe2 Rc6 25. Kb2 O-O 0-1

[Event "Elit(Rockaden, Sthlm-Wasa)"]
[Site "?"]
[Date "2006.11.18"]
[Round "4"]
[White "Hermansson, Emil"]
[Black "Hellborg, Teodor"]
[Result "1-0"]
[WhiteElo "2517"]
[BlackElo "2379"]
[PlyCount "71"]
[EventDate "2006.??.??"]

1. e4 c5 2. Nf3 e6 3. d4 cxd4 4. Nxd4 Nf6 5. Nc3 Nc6 6. Ndb5 Bb4 7. a3 Bxc3+ 8.
Nxc3 d5 9. exd5 exd5 10. Bd3 O-O 11. O-O d4 12. Ne2 Bg4 13. f3 Bh5 14. b4 Re8
15. Bb2 Nd5 16. Rf2 Ne3 17. Qd2 Bg6 18. b5 Bxd3 19. cxd3 Ne7 20. Nxd4 N7d5 21.
Re1 f5 22. f4 Ng4 23. Rfe2 Qd7 24. h3 Ngf6 25. Re5 g6 26. g3 h5 27. Ba1 Kh7 28.
Kh2 Rac8 29. Qf2 a6 30. bxa6 bxa6 31. Ne6 Qa4 32. Qa7+ Re7 33. Ng5+ Kh6 34.
Rxe7 Nxe7 35. Bxf6 Rc2+ 36. Kg1 1-0

[Event "Elit(Rockaden, Sthlm-Wasa)"]
[Site "?"]
[Date "2006.11.18"]
[Round "4"]
[White "Wedberg, Tom"]
[Black "Karlsson, Lars"]
[Result "0-1"]
[WhiteElo "2539"]
[BlackElo "2531"]
[PlyCount "76"]
[EventDate "2006.??.??"]

1. e4 c5 2. Nf3 Nc6 3. d4 cxd4 4. Nxd4 Nf6 5. Nc3 g6 6. Be3 Bg7 7. Bc4 d6 8. h3
Bd7 9. O-O Rc8 10. Bb3 O-O 11. f4 a6 12. Qd3 b5 13. a3 Nxd4 14. Bxd4 Be6 15.
Bxe6 fxe6 16. Rad1 Nd7 17. Ne2 e5 18. Be3 Qc7 19. c3 Qc4 20. Ng3 exf4 21. Bxf4
Qxd3 22. Rxd3 Rc4 23. Bg5 Rxf1+ 24. Kxf1 Kf7 25. Rf3+ Ke6 26. Ne2 Be5 27. Nf4+
Bxf4 28. Rxf4 Nc5 29. Rf8 Rxe4 30. g4 h5 31. gxh5 gxh5 32. h4 Na4 33. Rh8 Nxb2
34. Rxh5 Nc4 35. Rh7 Ne3+ 36. Ke2 Nf5+ 37. Kd3 Rg4 38. Rh8 Kd5 0-1

[Event "Elit(Rockaden, Sthlm-Wasa)"]
[Site "?"]
[Date "2006.11.18"]
[Round "4"]
[White "Olsson, Anders"]
[Black "Lyrberg, Patrik"]
[Result "0-1"]
[WhiteElo "2488"]
[BlackElo "2534"]
[PlyCount "120"]
[EventDate "2006.??.??"]

1. e4 c6 2. d4 d5 3. e5 Bf5 4. Nf3 e6 5. Be2 Be7 6. O-O h5 7. b3 Nh6 8. c4 a5
9. Nc3 Na6 10. c5 Nb8 11. Be3 Bg4 12. Bd3 h4 13. h3 Bh5 14. a3 Nf5 15. b4 b5
16. Qc2 Bxf3 17. gxf3 g6 18. Rfb1 axb4 19. axb4 Rxa1 20. Rxa1 O-O 21. Ra7 Bg5
22. f4 Bh6 23. Qe2 Re8 24. Bxf5 exf5 25. Nxb5 cxb5 26. Qxb5 Qc8 27. Qb7 Qe6 28.
Ra8 g5 29. Rxb8 gxf4 30. Rxe8+ Qxe8 31. Bd2 Qa4 32. Qxd5 Qd1+ 33. Kg2 Qxd2 34.
c6 f3+ 35. Qxf3 Qg5+ 36. Kh2 Qd8 37. b5 Qxd4 38. c7 Qxe5+ 39. Kg2 Qxc7 40. Qxf5
Qb7+ 41. Kg1 Qb6 42. Kf1 Qd4 43. Kg2 Bf8 44. Kf1 Bc5 45. Kg2 Kf8 46. Qc8+ Kg7
47. Qf5 Bb6 48. Qg5+ Kf8 49. Qf5 Qc5 50. Qf4 Bd8 51. Qd2 Ke8 52. Qe2+ Qe7 53.
Qd3 Qe6 54. Qd4 Qg6+ 55. Qg4 Qxg4+ 56. hxg4 Bg5 57. Kh3 Kd7 58. b6 Kc6 59. f4
Bxf4 60. Kxh4 f6 0-1

[Event "Elit(Rockaden, Sthlm-Wasa)"]
[Site "?"]
[Date "2006.11.18"]
[Round "4"]
[White "Berkell, Peder"]
[Black "Livner, Anders"]
[Result "1-0"]
[WhiteElo "2217"]
[BlackElo "2374"]
[PlyCount "83"]
[EventDate "2006.??.??"]

1. d4 d5 2. Bg5 h6 3. Bh4 c6 4. e3 Qb6 5. Qc1 e5 6. Nf3 e4 7. Nfd2 Be6 8. c4
Ne7 9. Nc3 Nd7 10. cxd5 cxd5 11. Bb5 Nf5 12. Bxd7+ Kxd7 13. Bg3 Nxg3 14. hxg3
Rc8 15. O-O Bd6 16. Nb3 Ke7 17. Qd1 Rc4 18. Qh5 g5 19. f4 exf3 20. Rxf3 Qd8 21.
Raf1 Qg8 22. Rf6 Bxg3 23. Qf3 Rxc3 24. bxc3 Bd6 25. Nc5 g4 26. Rxe6+ fxe6 27.
Qf6+ Ke8 28. Nxe6 Kd7 29. Nc5+ Bxc5 30. dxc5 Qe8 31. Qd4 Kc7 32. Qxd5 Qxe3+ 33.
Kh1 Kb8 34. Qd6+ Kc8 35. c6 Qb6 36. cxb7+ Qxb7 37. Rf4 Qb1+ 38. Kh2 Qxa2 39.
Qc6+ Kd8 40. Rd4+ Ke7 41. Rd7+ Kf8 42. Qc8# 1-0

[Event "Elit(Rockaden, Sthlm-Wasa)"]
[Site "?"]
[Date "2006.11.18"]
[Round "4"]
[White "Engqvist, Thomas"]
[Black "Hallerod, Ralph"]
[Result "1-0"]
[WhiteElo "2405"]
[BlackElo "2150"]
[PlyCount "81"]
[EventDate "2006.??.??"]

1. c4 Nf6 2. Nc3 g6 3. e4 d6 4. d4 Bg7 5. Nf3 O-O 6. Be2 e5 7. dxe5 dxe5 8.
Qxd8 Rxd8 9. Bg5 c6 10. Nxe5 Re8 11. O-O-O Nxe4 12. Nxe4 Bxe5 13. f4 Bf5 14.
Ng3 f6 15. Nxf5 gxf5 16. Bh5 fxg5 17. Bxe8 Bxf4+ 18. Kc2 Na6 19. Bd7 Rf8 20.
Rhf1 Nc5 21. g3 Nxd7 22. Rxd7 Be3 23. Rxb7 f4 24. g4 f3 25. Rb3 Bf4 26. Rbxf3
Re8 27. R1f2 Kg7 28. Ra3 Re7 29. Ra6 Rc7 30. b4 Kf7 31. h4 h6 32. Ra5 Ke6 33.
Rf5 Rg7 34. Kd3 Rd7+ 35. Ke4 Rd1 36. Re2 Rc1 37. Kd4+ Kd7 38. Rf7+ Kd8 39. Kc5
Rd1 40. Kxc6 Rd6+ 41. Kc5 1-0

[Event "Elit(Rockaden, Sthlm-Wasa)"]
[Site "?"]
[Date "2006.11.18"]
[Round "4"]
[White "Astrom, Goran"]
[Black "Vilchez, Victor"]
[Result "0-1"]
[WhiteElo "2338"]
[BlackElo "2359"]
[PlyCount "100"]
[EventDate "2006.??.??"]

1. e4 c5 2. Nf3 e6 3. d4 cxd4 4. Nxd4 a6 5. Bd3 Nf6 6. O-O Qc7 7. Qe2 d6 8. c4
Be7 9. b3 O-O 10. Bb2 Nbd7 11. Nc3 b6 12. Kh1 Re8 13. f4 Bf8 14. Rae1 e5 15.
Nf5 exf4 16. Nd5 Nxd5 17. cxd5 Ne5 18. Rxf4 Bxf5 19. Rxf5 g6 20. Rff1 b5 21.
Rc1 Qd7 22. Bxe5 Rxe5 23. Rc6 Bg7 24. Qf3 Re7 25. Rfc1 Bh6 26. Rf1 Bg7 27. Rfc1
Bd4 28. Qf4 Be5 29. Qf3 h5 30. h3 Kg7 31. Qf2 Ra7 32. Qf3 Re8 33. Qf2 Qe7 34.
g3 h4 35. g4 Qg5 36. Qxa7 Qd2 37. Qg1 Qxd3 38. Qg2 Bg3 39. R6c3 Qd4 40. Rc7
Rxe4 41. Qf3 Bf4 42. Rf1 g5 43. Qc3 Qxc3 44. Rxc3 Re2 45. a4 b4 46. Rd3 Kf6 47.
Rfd1 Ke5 48. Kg1 Be3+ 49. Kf1 Rf2+ 50. Kg1 Ke4 0-1

[Event "Elit(Rockaden, Sthlm-Wasa)"]
[Site "?"]
[Date "2006.11.18"]
[Round "4"]
[White "Zadruzny, Nicolaj"]
[Black "Collett, Peter"]
[Result "0-1"]
[WhiteElo "2326"]
[BlackElo "2225"]
[PlyCount "66"]
[EventDate "2006.??.??"]

1. e4 e5 2. Nc3 Nf6 3. a3 Nc6 4. Nf3 d5 5. Bb5 d4 6. Ne2 Nxe4 7. d3 Nf6 8. Nxe5
Qd5 9. Bxc6+ bxc6 10. Nf3 c5 11. Nf4 Qd6 12. O-O Be7 13. Re1 O-O 14. Ne5 Rb8
15. Nh5 Bb7 16. Nc4 Qd5 17. Nxf6+ Bxf6 18. Qg4 h5 19. Qh3 g5 20. f3 h4 21. Qg4
Rbe8 22. Bd2 Bc8 23. Qh5 h3 24. gxh3 Kg7 25. f4 Rh8 26. Qd1 Bb7 27. Qg4 Qh1+
28. Kf2 Qxh2+ 29. Kf1 Rxh3 30. Rxe8 Qh1+ 31. Qg1 Qf3+ 32. Ke1 Rh1 33. Qf1 Rxf1#
0-1

[Event "Elit(Sollentuna-Vasteras)"]
[Site "?"]
[Date "2006.11.18"]
[Round "4"]
[White "Eriksson, Johan"]
[Black "Berg, Emanuel"]
[Result "1-0"]
[WhiteElo "2447"]
[BlackElo "2667"]
[PlyCount "71"]
[EventDate "2006.??.??"]
[SourceDate "2006.11.26"]

1. d4 Nf6 2. c4 e6 3. Nc3 Bb4 4. f3 d5 5. a3 Bxc3+ 6. bxc3 c5 7. cxd5 Nxd5 8.
dxc5 Qa5 9. e4 Ne7 10. Be3 O-O 11. Qb3 Nd7 12. Bb5 Qc7 13. Bxd7 Bxd7 14. Ne2
Nc6 15. O-O Na5 16. Qb4 Nc6 17. Qb3 e5 18. Rab1 Na5 19. Qb4 Be6 20. Rfd1 Nc4
21. Bf2 Rab8 22. Nd4 exd4 23. cxd4 a5 24. Qc3 b5 25. Bg3 Qe7 26. Bxb8 Rxb8 27.
Kh1 Qf6 28. Rdc1 Qg5 29. d5 Bc8 30. a4 f5 31. axb5 Ne3 32. Qd2 fxe4 33. fxe4
Bh3 34. Rg1 Ng4 35. Rb2 Qe5 36. gxh3 1-0

[Event "Elit(Sollentuna-Vasteras)"]
[Site "?"]
[Date "2006.11.18"]
[Round "4"]
[White "Lindberg, Bo"]
[Black "Norberg, Johan"]
[Result "1/2-1/2"]
[WhiteElo "2519"]
[BlackElo "2357"]
[PlyCount "104"]
[EventDate "2006.??.??"]

1. d4 g6 2. e4 Bg7 3. c4 d6 4. Nc3 Nf6 5. Nge2 e5 6. d5 a5 7. Ng3 h5 8. Be2 h4
9. Nf1 Nh5 10. g3 Na6 11. Ne3 Nf6 12. Bf3 Nc5 13. b3 Bd7 14. Rb1 hxg3 15. hxg3
Rxh1+ 16. Bxh1 Ke7 17. Bf3 Qh8 18. Ke2 Qh2 19. Bd2 Rh8 20. Qg1 Qxg1 21. Rxg1
Rb8 22. Kd1 b5 23. cxb5 Bxb5 24. Nxb5 Rxb5 25. Be2 Rb7 26. f3 a4 27. b4 Ncd7
28. Nc4 Nb8 29. Na5 Rb6 30. a3 c5 31. dxc6 Nxc6 32. Nxc6+ Rxc6 33. Bb5 Rc7 34.
Ke2 d5 35. exd5 Nxd5 36. Bxa4 Nc3+ 37. Bxc3 Rxc3 38. Rb1 e4 39. fxe4 Rxa3 40.
Bb3 Ra1 41. Rxa1 Bxa1 42. Kd3 Be5 43. g4 f6 44. g5 fxg5 45. Bd1 Kd6 46. Kc4 Kc6
47. Bf3 Kb6 48. b5 Bb2 49. Bg4 Bg7 50. Bd7 Bb2 51. Kd3 g4 52. Ke3 g3 1/2-1/2

[Event "Elit(Sollentuna-Vasteras)"]
[Site "?"]
[Date "2006.11.18"]
[Round "4"]
[White "Eriksson, Jonas"]
[Black "Ernst, Thomas"]
[Result "1/2-1/2"]
[WhiteElo "2365"]
[BlackElo "2508"]
[PlyCount "47"]
[EventDate "2006.??.??"]

1. d4 Nf6 2. Nf3 g6 3. Nc3 d5 4. Bf4 Bg7 5. e3 O-O 6. Be2 Bg4 7. Ne5 Bxe2 8.
Qxe2 Nbd7 9. h4 c5 10. O-O-O cxd4 11. exd4 Rc8 12. Rd3 e6 13. g4 Qa5 14. Nxd7
Nxd7 15. h5 b5 16. hxg6 hxg6 17. Qe3 b4 18. Qh3 f6 19. Qh7+ Kf7 20. Rh6 bxc3
21. Qxg6+ Kg8 22. Qh7+ Kf7 23. Qg6+ Kg8 24. Qh7+ 1/2-1/2

[Event "Elit(sollentuna-Vasteras)"]
[Site "?"]
[Date "2006.11.18"]
[Round "4"]
[White "Dzevlan, Miralem"]
[Black "Eriksson, Anders"]
[Result "0-1"]
[WhiteElo "2453"]
[BlackElo "2366"]
[PlyCount "156"]
[EventDate "2006.??.??"]

1. d4 Nf6 2. c4 e6 3. Nf3 Bb4+ 4. Nbd2 d5 5. e3 O-O 6. Bd3 dxc4 7. Bxc4 b6 8.
O-O Bb7 9. a3 Be7 10. b4 c5 11. dxc5 bxc5 12. b5 a6 13. bxa6 Bxa6 14. Bb2 Nc6
15. Qc2 Na5 16. Bxa6 Rxa6 17. Rfd1 Nd5 18. e4 Nb6 19. Bc3 Qc7 20. Rdb1 Rfa8 21.
Rb5 Nc6 22. Rab1 h6 23. h3 R8a7 24. Qd3 Qd7 25. Qxd7 Nxd7 26. Nc4 Ra4 27. Nfd2
Bg5 28. Bb2 Nd4 29. Bxd4 cxd4 30. R1b4 d3 31. Nb3 Rxb4 32. Rxb4 Be7 33. Rb5
Bxa3 34. f4 Bf8 35. Kf2 Ra2+ 36. Ncd2 Bc5+ 37. Nxc5 Nxc5 38. Ke3 Rc2 39. h4 Kf8
40. h5 Ke7 41. Rb8 Rc1 42. Rg8 Re1+ 43. Kd4 Nxe4 44. Kxd3 Nf6 45. Rxg7 Nxh5 46.
Rg4 Rh1 47. Ke3 f5 48. Rg6 Kf7 49. Rxh6 Kg7 50. Rxh5 Rxh5 51. Nf3 Rh1 52. g3
Ra1 53. Ne5 Ra3+ 54. Kf2 Kf6 55. Kg2 Ra5 56. Nf3 Ke7 57. Ng5 Kd6 58. g4 Ra2+
59. Kg3 Ra3+ 60. Kh4 Ra4 61. Kg3 Kd5 62. gxf5 exf5 63. Kf3 Ra3+ 64. Kf2 Kd4 65.
Ke2 Re3+ 66. Kf2 Re7 67. Kf3 Kd3 68. Kf2 Re2+ 69. Kf3 Kd2 70. Nf7 Re6 71. Ne5
Ra6 72. Nc4+ Ke1 73. Ke3 Re6+ 74. Kf3 Rc6 75. Ne5 Rc3+ 76. Kg2 Ke2 77. Ng6 Ke3
78. Ne7 Ke4 0-1

[Event "Elit(sollentuna-Vasteras)"]
[Site "?"]
[Date "2006.11.18"]
[Round "4"]
[White "Nilsson, Andre"]
[Black "Luna, Gustavo"]
[Result "1/2-1/2"]
[WhiteElo "2294"]
[BlackElo "2193"]
[PlyCount "110"]
[EventDate "2006.??.??"]
[SourceDate "2006.11.26"]

1. g3 Nf6 2. Bg2 e6 3. Nf3 d5 4. O-O Be7 5. d3 O-O 6. Nbd2 c5 7. e4 Nc6 8. Re1
Qc7 9. Qe2 Nb4 10. Nf1 dxe4 11. dxe4 b6 12. a3 Ba6 13. c4 Nc6 14. e5 Nd7 15.
Bf4 Rac8 16. b3 Rfd8 17. Rad1 Nf8 18. Bc1 Ng6 19. Bb2 Rxd1 20. Rxd1 Rd8 21.
Rxd8+ Qxd8 22. h4 Nd4 23. Nxd4 cxd4 24. h5 Nf8 25. Qd3 f6 26. Qxd4 Qxd4 27.
Bxd4 fxe5 28. Bxe5 Bxa3 29. Bb8 Nd7 30. Bxa7 Bc5 31. Nd2 Nf6 32. Ne4 Bd4 33. h6
Nxe4 34. Bxe4 gxh6 35. g4 Kg7 36. Kf1 Kf6 37. f4 e5 38. f5 h5 39. gxh5 Bc8 40.
Ke2 Bxf5 41. Kd3 h6 42. b4 Bg4 43. c5 bxc5 44. Bxc5 Bxc5 45. bxc5 Bxh5 46. Kc4
Kg5 47. c6 Bg4 48. Kd3 Kf4 49. c7 Bc8 50. Bh1 Kf5 51. Bf3 Kf4 52. Bh5 Bf5+ 53.
Ke2 e4 54. Bf7 Bc8 55. Kf2 Bg4 1/2-1/2